| 000 | 00809nas a2200265 4500 | ||
|---|---|---|---|
| 001 | BR0700623 | ||
| 003 | BR-BrBNA | ||
| 005 | 20231205110533.0 | ||
| 007 | ta | ||
| 008 | 230509b bl.|||p| |||| 00| 00por d | ||
| 040 |
_aBR-BrBNA _bpor _cBiblioteca Nacional de Agricultura |
||
| 041 | _a(Pt) | ||
| 072 | _aF02 | ||
| 100 | 1 | _aGuerra, M.E. de C. | |
| 100 | 1 | _aMedeiros Filho, S. | |
| 100 | 1 | _aGalão, M.I. | |
| 245 | 1 | _aMorfologia de sementes, de plântulas e da germinação de Copaifera langsdorfii Desf. (Leguminosae-Caesalpinioideae) | |
| 650 | _aCOPAÍBA | ||
| 650 | _aSEMENTE | ||
| 650 | _aPLÂNTULA | ||
| 650 | _aGERMINAÇÃO | ||
| 773 | 0 |
_tCerne (Brazil) _xISSN 0104-7760 _g(Oct-Dec 2006), v. 12(4) p. 322-328 _wBR0700623 |
|
| 909 |
_a202311 _bLúcia _c55 _dLúcia Elande |
||
| 942 |
_2AGRIS _n0 _cANA |
||
| 999 |
_c187803 _d187803 |
||